| 000 | 01076nam a2200325Ia 4500 | ||
|---|---|---|---|
| 003 | OSt | ||
| 005 | 20221007124949.0 | ||
| 006 | a|||||r|||| 00| 0 | ||
| 007 | ta | ||
| 008 | 221006b |||||||| |||| 00| 0 eng d | ||
| 020 | _a9781138298767 (pbk) | ||
| 024 | _a200966 | ||
| 037 |
_b1626, 30/12/2019, New India Book Agency _cTextual |
||
| 040 |
_aCDL _cCDL _beng |
||
| 041 |
_2eng _aeng |
||
| 082 | _aE225:(C216), R0 Carc | ||
| 100 |
_aCollings Peter J _9721141 |
||
| 245 | 0 |
_aIntroduction to liquid crystals chemistry and physics _b Goodby John W |
|
| 250 | _a2 | ||
| 260 |
_aBoca _bRaton CRC Press _c2020 |
||
| 300 |
_axiii, 517p. ill. _ccm. |
||
| 500 | _aBibliography 509-510p.; Index 511-517p. | ||
| 650 |
_a Calamitic liquid _9721142 |
||
| 650 |
_a Chiral liquid crystals _9721143 |
||
| 650 | _a Liquid crystals | ||
| 650 | _aChemistry | ||
| 700 |
_a Goodby John W _9721144 |
||
| 942 |
_hE225:(C216), R0 Carc _cTEXL _2CC |
||
| 999 |
_c1214439 _d1214439 |
||